000 00182nam a22000857a 4500
082 _a621.38152BHA
100 _aBhatia C M
245 _aPower electronics laboratory manual
942 _cBK
999 _c15244
_d15244